=LDR 00000nam 2200000 4500 =001 INLIS000000000046122 =005 20150216110211.0 =006 =007 =008 =035 ##$$0010-021500000000683 =082 ##$$a 4x4.701 25 =090 ##$$a 4x4.701 25 Stl s =100 ##$$a Abdul Djebar Hapip =245 ##$$a Struktur Bahasa Barangas =250 ##$$a Cet. IV =260 ##$$a Jakarta Timur $b Depdibud $c 1981 =300 ##$$a xix.104 hal $b ilus $c 25 cm =700 ##$$a Abdurachman ismail dkk =850 ##$$a NBPNMAT =990 ##$$a 0001/BPAP-NTB/20142015